Mírame REMIX - Nio García, Rauw Alejandro, Lenny Tavárez, Darell... - Estadísticas

Estadísticas generales
  • Esta prueba ha sido intentada 38 veces
  • La puntuación promedio es 519 de 883
Estadísticas de respuestas
Letra % Correcto
a
100%
e
100%
l
100%
100%
mi
100%
Mírame
100%
mírame
100%
que
100%
Que
100%
R
100%
si
100%
Si
100%
con
86%
cuando
86%
Cuando
86%
D
86%
de
86%
De
86%
Él
86%
el
86%
él
86%
la
86%
La
86%
las
86%
Lo
86%
lo
86%
los
86%
Mami
86%
me
86%
no
86%
No
86%
o
86%
ojos
86%
pa
86%
Pa
86%
86%
Tu
86%
86%
tu
86%
ve
86%
y
86%
Y
86%
yo
86%
Yo
86%
aquella
71%
como
71%
cómo
71%
conmigo
71%
da
71%
día
71%
en
71%
enloqueciendo
71%
Es
71%
es
71%
esta
71%
estás
71%
esté
71%
este
71%
haciendo
71%
Para
71%
para
71%
pero
71%
Pero
71%
Puede
71%
puede
71%
se
71%
71%
Se
71%
Te
71%
te
71%
ti
71%
un
71%
vez
71%
admite
57%
al
57%
bellaquera
57%
cama
57%
contigo
57%
dar
57%
defiendo
57%
dime
57%
Dime
57%
Ella
57%
ella
57%
enciendo
57%
eres
57%
estaré
57%
Fue
57%
hacemo
57%
le
57%
llama
57%
más
57%
murió
57%
nos
57%
nosotro
57%
Nosotro
57%
olvidarte
57%
otra
57%
otro
57%
parte
57%
por
57%
Porque
57%
puedes
57%
sabe
57%
salvaje
57%
siempre
57%
siendo
57%
sigo
57%
Sigo
57%
su
57%
to
57%
va
57%
vas
57%
yeah
57%
amigo
43%
así
43%
Así
43%
bebé
43%
Bebé
43%
bésame
43%
conocerno
43%
contéstale
43%
cuerpo
43%
dale
43%
deja
43%
del
43%
dice
43%
enemigo
43%
enteran
43%
ese
43%
gente
43%
hacemos
43%
hago
43%
les
43%
mientras
43%
prestaré
43%
quien
43%
quién
43%
quiere
43%
quieres
43%
sol
43%
somo
43%
somos
43%
sucedió
43%
tener
43%
vo
43%
abajo
29%
amigos
29%
bien
29%
castigo
29%
consigo
29%
cuello
29%
culo
29%
darle
29%
débil
29%
demás
29%
después
29%
dos
29%
doy
29%
enseñó
29%
Entre
29%
eso
29%
Eso
29%
Europa
29%
favor
29%
fresquería
29%
hacer
29%
Hay
29%
infarto
29%
maletas
29%
meto
29%
mía
29%
Michael
29%
moda
29%
olvide
29%
paramo
29%
parto
29%
pasó
29%
Passoa
29%
perder
29%
pide
29%
ponen
29%
punto
29%
quiero
29%
Quiero
29%
quita
29%
resalto
29%
ropa
29%
sola
29%
Solo
29%
solo
29%
soy
29%
29%
29%
tiempo
29%
toco
29%
truco
29%
Vamo
29%
viene
29%
volver
29%
voy
29%
ya
29%
amén
14%
antes
14%
baby
14%
Baby
14%
body
14%
booty
14%
busco
14%
busque
14%
cada
14%
call
14%
camino
14%
carajo
14%
castigue
14%
Cayenne
14%
coman
14%
conduzco
14%
conforte
14%
corriéndole
14%
cuarto
14%
detrás
14%
dices
14%
Digo
14%
digo
14%
Dile
14%
Disney
14%
donde
14%
duro
14%
escrito
14%
estaba
14%
fatigo
14%
hacerlo
14%
haga
14%
hasta
14%
hiciste
14%
hostigo
14%
justo
14%
ligo
14%
Llego
14%
malas
14%
mensaje
14%
metemo
14%
muerte
14%
nene
14%
obligo
14%
papi
14%
party
14%
pelo
14%
perdiste
14%
psycho
14%
puedo
14%
quieras
14%
rastrillo
14%
recalco
14%
rehén
14%
roca
14%
ronca
14%
sea
14%
secuestro
14%
shorty
14%
siente
14%
tan
14%
tengo
14%
termina
14%
trabajar
14%
trigo
14%
única
14%
venirte
14%
verte
14%
whisky
14%
World
14%
acción
0%
Acuérdale
0%
adicción
0%
aeropuerto
0%
afán
0%
Agárrame
0%
amárrame
0%
amor
0%
Anestesia
0%
año
0%
aquí
0%
arropa
0%
Aunque
0%
avise
0%
bautice
0%
booqueá
0%
Casper
0%
Chingando
0%
completa
0%
cosas
0%
cruzamos
0%
cuánto
0%
cuenta
0%
dan
0%
decía
0%
deje
0%
dio
0%
Domingo
0%
echarme
0%
enchuleteá
0%
error
0%
esperar
0%
estuve
0%
fan
0%
Father
0%
flaquea
0%
fuera
0%
gallinitas
0%
gato
0%
Hálame
0%
hice
0%
hizo
0%
hostiga
0%
juqueá
0%
ley
0%
llame
0%
mágico
0%
mall
0%
maltrátame
0%
mandan
0%
mátame
0%
Migos
0%
mueves
0%
nebuleo
0%
pagar
0%
prendas
0%
prohibido
0%
puesta
0%
quedamos
0%
quise
0%
receta
0%
Recuerdo
0%
resort
0%
reta
0%
rico
0%
Santo
0%
seas
0%
send
0%
tás
0%
tiene
0%
tramadol
0%
vaqueá
0%
veces
0%
vemo
0%
Vengan
0%
No se encontraron pruebas coincidentes
Distribución de puntuación
Porcentaje de gente con cada puntuación
Porcentaje por número respondido
Historial de tus puntuaciones
No has intentado esta prueba.